| 000 | 00594nam a22002297a 4500 | ||
|---|---|---|---|
| 005 | 20170124110104.0 | ||
| 010 | _aA-823085 | ||
| 020 | _c00.00 | ||
| 035 | _aA-823085 | ||
| 037 | _bCen Lib/Ret | ||
| 040 |
_aDPL _bEN |
||
| 082 |
_aN _bANA |
||
| 100 |
_aAnant, Victor _927730 |
||
| 245 |
_aSacred crow / _cby Victor Anant |
||
| 260 |
_aNew Delhi _bPenguin books _c1996 |
||
| 270 |
_a210, Chiranjivi tower,43 Neharu place _bNew Delhi _e110019 |
||
| 300 |
_a239p. _c18cm(Hb) |
||
| 650 |
_aLiterature _96262 |
||
| 650 |
_aNovel _922513 |
||
| 700 | _927481 | ||
| 942 |
_2ddc _cEN _hN _mANA |
||
| 999 |
_c129904 _d129904 |
||